[Event "17th Open"]
[Site "Kavala GRE"]
[Date "2008.08.06"]
[Round "8"]
[White "Oleksienko, M."]
[Black "Janssen, Ru"]
[Result "1/2-1/2"]
[WhiteElo "2588"]
[BlackElo "2503"]
[PlyCount "132"]
[EventDate "2008.07.31"]
[SourceDate "1999.07.01"]

1. e4 e5 2. Nf3 Nc6 3. Bb5 a6 4. Ba4 Nf6 5. O-O Be7 6. Re1 b5 7. Bb3 d6 8. c3
O-O 9. d4 Bg4 10. Be3 exd4 11. cxd4 Na5 12. Bc2 Nc4 13. Bc1 Nd7 14. b3 Ncb6 15.
Nbd2 c5 16. h3 Bh5 17. g4 Bg6 18. Nf1 Rc8 19. d5 Bf6 20. Rb1 Bc3 21. Re3 b4 22.
Ng3 Re8 23. Kg2 c4 24. h4 h6 25. g5 h5 26. Ne2 cxb3 27. axb3 Nc5 28. Ng3 Qd7
29. Ng1 Be5 30. f3 a5 31. N1e2 a4 32. bxa4 Nc4 33. Rxb4 Nxe3+ 34. Bxe3 Bxg3 35.
Kxg3 Nxe4+ 36. Bxe4 Bxe4 37. fxe4 Qg4+ 38. Kf2 Qxh4+ 39. Kf3 Qh3+ 40. Kf2 Qh4+
41. Kf3 Qg4+ 42. Kf2 Rxe4 43. Rxe4 Qxe4 44. a5 h4 45. Qd4 Qh1 46. Bf4 h3 47.
Bxd6 Qg2+ 48. Ke1 Re8 49. Qc4 h2 50. Bxh2 Qxh2 51. Kd1 Qe5 52. g6 fxg6 53. a6
g5 54. Nd4 g4 55. d6+ Kh8 56. d7 Rd8 57. a7 g3 58. a8=Q Rxa8 59. Qc8+ Kh7 60.
Qxa8 Qxd4+ 61. Ke2 Qxd7 62. Qe4+ g6 63. Qh4+ Kg7 64. Qxg3 Qf5 65. Qf3 Kf6 66.
Qxf5+ Kxf5 1/2-1/2

[Event "1st Open"]
[Site "Paleochora GRE"]
[Date "2008.07.28"]
[Round "9"]
[White "David, Alb"]
[Black "Postny, E."]
[Result "1/2-1/2"]
[WhiteElo "2568"]
[BlackElo "2661"]
[PlyCount "59"]
[EventDate "2008.07.21"]
[SourceDate "1999.07.01"]

1. e4 e5 2. Nf3 Nc6 3. Bb5 a6 4. Ba4 Nf6 5. O-O Be7 6. Re1 b5 7. Bb3 d6 8. c3
O-O 9. h3 Na5 10. Bc2 c5 11. d4 Qc7 12. Nbd2 cxd4 13. cxd4 Rd8 14. b3 Nc6 15.
Bb2 Bb7 16. a3 Rac8 17. Rc1 Qb6 18. d5 Nb8 19. b4 Rf8 20. Nb3 Bd8 21. Na5 Qa7
22. a4 Bb6 23. Qd2 bxa4 24. Bxa4 Rxc1 25. Bxc1 Rc8 26. Ba3 Ne8 27. Rf1 Nf6 28.
Re1 Ne8 29. Rc1 Nf6 30. Re1 1/2-1/2

[Event "19th Czech Chladek & Tintera A Open"]
[Site "Pardubice CZE"]
[Date "2008.07.24"]
[Round "7"]
[White "Kononenko, Dmitry1"]
[Black "Gajewski, G."]
[Result "1/2-1/2"]
[WhiteElo "2502"]
[BlackElo "2575"]
[PlyCount "149"]
[EventDate "2008.07.18"]
[SourceDate "1999.07.01"]

1. e4 e5 2. Nf3 Nc6 3. Bb5 a6 4. Ba4 Nf6 5. O-O Be7 6. Re1 b5 7. Bb3 d6 8. c3
O-O 9. h3 Na5 10. Bc2 d5 11. d4 dxe4 12. Nxe5 c5 13. Be3 Bb7 14. Nd2 Qc7 15.
Qb1 cxd4 16. Bxd4 Bd6 17. Ng4 Nxg4 18. hxg4 Bh2+ 19. Kh1 f5 20. gxf5 Bf4 21.
Nf1 Rxf5 22. Bxe4 Rh5+ 23. Kg1 Bh2+ 24. Nxh2 Qxh2+ 25. Kf1 Qf4 26. Bxb7 Nxb7
27. Qd3 Nd6 28. Qf3 Rh1+ 29. Ke2 Re8+ 30. Be3 Qc4+ 31. Kd2 Rxe1 32. Kxe1 Rf8
33. Qg3 Nf5 34. Qf4 Nxe3 35. Qxe3 Qh4 36. Qe2 Qh1+ 37. Qf1 Re8+ 38. Kd2 Qh6+
39. Kc2 Qg6+ 40. Kb3 Qe6+ 41. Ka3 Qd6+ 42. Kb3 Qd5+ 43. c4 bxc4+ 44. Qxc4 Rb8+
45. Kc3 Qxc4+ 46. Kxc4 Rxb2 47. Rf1 Rxa2 48. Kd3 Rb2 49. Ke3 a5 50. Rc1 Rb8 51.
Ra1 Rb5 52. Rc1 Rb8 53. Ra1 Ra8 54. Ra4 Kf7 55. f3 Ke6 56. Ke4 Kd6 57. Kd4 Kc6
58. Kc4 Ra7 59. Kb3 Rb7+ 60. Kc3 Rb5 61. Rg4 g6 62. Re4 Rc5+ 63. Kd3 Kb6 64. g4
Rc7 65. f4 Kb5 66. Re8 a4 67. Rb8+ Ka6 68. Ra8+ Kb5 69. Rb8+ Kc5 70. Ra8 Kb4
71. Rb8+ Kc5 72. Ra8 Rd7+ 73. Kc3 Kd5 74. Rxa4 Ke6 75. Rd4 1/2-1/2

[Event "Superfinal Chelyabinsk Oblast"]
[Site "Satka RUS"]
[Date "2008.07.06"]
[Round "13"]
[White "Kurnosov, I."]
[Black "Kotsur, P."]
[Result "1/2-1/2"]
[WhiteElo "2617"]
[BlackElo "2566"]
[PlyCount "91"]
[EventDate "2008.07.06"]
[SourceDate "1999.07.01"]

1. e4 e5 2. Nf3 Nc6 3. Bb5 a6 4. Ba4 Nf6 5. O-O Be7 6. Re1 b5 7. Bb3 d6 8. c3
O-O 9. h3 Nb8 10. d4 Nbd7 11. Nbd2 Bb7 12. Bc2 Re8 13. Nf1 Bf8 14. Ng3 c6 15.
a4 Qc7 16. b3 d5 17. dxe5 Nxe5 18. Bf4 Bd6 19. Bxe5 Bxe5 20. Nxe5 Qxe5 21. Qd2
dxe4 22. Nxe4 Rad8 23. Nxf6+ Qxf6 24. Qd7 Rxe1+ 25. Rxe1 g6 26. Qxb7 Rd2 27.
Qc8+ Kg7 28. Bf5 Qxf5 29. Qxf5 gxf5 30. Re5 Rb2 31. axb5 cxb5 32. b4 f4 33. Rc5
f6 34. h4 Rc2 35. f3 h5 36. Kh2 Kg6 37. Kh3 Rc1 38. g3 fxg3 39. Kxg3 Rg1+ 40.
Kh2 Rc1 41. Kg2 Rc2+ 42. Kg3 Rc1 43. Rc6 Ra1 44. Kf4 Rh1 45. Kg3 Ra1 46. Kf4
1/2-1/2

[Event "ch-PHI Finals"]
[Site "Mandaluyong PHI"]
[Date "2008.07.07"]
[Round "9"]
[White "Nolte, R."]
[Black "Gonzales, Jay"]
[Result "1/2-1/2"]
[WhiteElo "2522"]
[BlackElo "2524"]
[PlyCount "63"]
[EventDate "2008.07.01"]
[SourceDate "1999.07.01"]

1. e4 Nc6 2. Nf3 e5 3. Bb5 a6 4. Ba4 Nf6 5. O-O Be7 6. Re1 b5 7. Bb3 d6 8. c3
O-O 9. h3 Na5 10. Bc2 c5 11. d4 Qc7 12. Nbd2 Bd7 13. Nf1 Nc4 14. d5 Rfe8 15. g4
Reb8 16. Ng3 Nb6 17. Kg2 b4 18. cxb4 cxb4 19. Bd3 Na4 20. Re2 Nc5 21. Bc2 Bb5
22. Re1 Rc8 23. g5 Nfd7 24. Nf5 Bf8 25. h4 g6 26. Ne3 h5 27. gxh6 Bxh6 28. Ng4
Bg7 29. Nh6+ Kf8 30. Ng4 Nf6 31. Nxf6 Bxf6 32. Bg5 1/2-1/2

[Event "Marshall NY Int"]
[Site "New York USA"]
[Date "2008.06.22"]
[Round "4"]
[White "Paragua, M."]
[Black "Becerra Rivero, J."]
[Result "1/2-1/2"]
[WhiteElo "2538"]
[BlackElo "2575"]
[PlyCount "27"]
[EventDate "2008.06.21"]
[SourceDate "1999.07.01"]

1. e4 e5 2. Nf3 Nc6 3. Bb5 a6 4. Ba4 Nf6 5. O-O Be7 6. Re1 b5 7. Bb3 d6 8. c3
O-O 9. d4 Bg4 10. Be3 Na5 11. dxe5 dxe5 12. Qxd8 Raxd8 13. Nxe5 Bd6 14. Nf3
1/2-1/2

[Event "TCh-BIH"]
[Site "Neum BIH"]
[Date "2008.06.08"]
[Round "5"]
[White "Brkic, A."]
[Black "Sokolov, Iv NED"]
[Result "0-1"]
[WhiteElo "2521"]
[BlackElo "2690"]
[PlyCount "56"]
[EventDate "2008.06.04"]
[SourceDate "1999.07.01"]

1. e4 e5 2. Nf3 Nc6 3. Bb5 a6 4. Ba4 Nf6 5. O-O Be7 6. Re1 b5 7. Bb3 d6 8. c3
O-O 9. h3 h6 10. d4 Re8 11. Nbd2 Bf8 12. Nf1 Bb7 13. Ng3 Na5 14. Bc2 Nc4 15. b3
Nb6 16. a4 d5 17. axb5 axb5 18. Rxa8 Qxa8 19. Nxe5 dxe4 20. Nh5 Nxh5 21. Qxh5
Re7 22. Qf5 Qa2 23. Bd1 Bd5 24. Bxh6 Be6 25. Qf4 gxh6 26. Re3 Qb1 27. Rg3+ Kh7
28. Kh2 Qxd1 0-1

[Event "Mitropa Cup m"]
[Site "Olbia ITA"]
[Date "2008.05.26"]
[Round "2"]
[White "Bosiocic, Mari"]
[Black "Gonda, L."]
[Result "1-0"]
[WhiteElo "2503"]
[BlackElo "2509"]
[PlyCount "63"]
[EventDate "2008.05.25"]
[SourceDate "1999.07.01"]

1. e4 e5 2. Nf3 Nc6 3. Bb5 a6 4. Ba4 Nf6 5. O-O Be7 6. Re1 b5 7. Bb3 d6 8. c3
O-O 9. h3 Na5 10. Bc2 c5 11. d4 Qc7 12. Nbd2 cxd4 13. cxd4 Nc6 14. d5 Nb4 15.
Bb1 a5 16. Nf1 Bd7 17. Be3 Rfc8 18. Re2 Bd8 19. g4 h5 20. g5 Nh7 21. Kh2 g6 22.
Ng3 f6 23. a3 Na6 24. Qd2 Nxg5 25. Nxg5 fxg5 26. Bxg5 Kh7 27. Nf5 Be8 28. Bxd8
Rxd8 29. Qh6+ Kg8 30. Bc2 Qf7 31. Rg1 Qf6 32. f4 1-0

[Event "III President's Cup"]
[Site "Baku AZE"]
[Date "2008.05.15"]
[Round "4"]
[White "Short, N."]
[Black "Gasanov, E."]
[Result "1/2-1/2"]
[WhiteElo "2660"]
[BlackElo "2531"]
[PlyCount "77"]
[EventDate "2008.05.12"]
[SourceDate "1999.07.01"]

1. e4 e5 2. Nf3 Nc6 3. Bb5 a6 4. Ba4 Nf6 5. O-O Be7 6. Re1 b5 7. Bb3 d6 8. c3
O-O 9. h3 Nb8 10. d4 Nbd7 11. Nh4 g6 12. Nf3 c5 13. Bh6 Re8 14. Nbd2 Bf8 15.
Bxf8 Nxf8 16. a4 Bd7 17. dxe5 dxe5 18. Bd5 Rb8 19. axb5 axb5 20. Ra7 Be6 21.
Bxe6 Rxe6 22. Qe2 Re7 23. Ra6 Ne6 24. Nxe5 Nf4 25. Qf3 Nxh3+ 26. gxh3 Rxe5 27.
Qf4 Nd7 28. Nf3 Re7 29. Rd6 Qe8 30. e5 Rb6 31. Re3 Rxd6 32. exd6 Rxe3 33. fxe3
f6 34. e4 Qe6 35. h4 Kg7 36. Kf2 h6 37. b4 cxb4 38. cxb4 Qc4 39. Kg3 1/2-1/2

[Event "Frank K Berry ch-USA"]
[Site "Tulsa USA"]
[Date "2008.05.20"]
[Round "8"]
[White "Shabalov, A."]
[Black "Becerra Rivero, J."]
[Result "1/2-1/2"]
[WhiteElo "2633"]
[BlackElo "2575"]
[PlyCount "76"]
[EventDate "2008.05.13"]
[SourceDate "1999.07.01"]

1. e4 e5 2. Nf3 Nc6 3. Bb5 a6 4. Ba4 Nf6 5. O-O Be7 6. Re1 b5 7. Bb3 d6 8. c3
O-O 9. h3 Na5 10. Bc2 c5 11. d4 Nd7 12. Nbd2 cxd4 13. cxd4 Nc6 14. d5 Nb4 15.
Bb1 a5 16. a3 Na6 17. b4 Nb6 18. Bd3 axb4 19. Bxb5 Bd7 20. Qe2 Nc5 21. Bxd7
Nbxd7 22. Bb2 Na4 23. Nc4 Nxb2 24. Qxb2 Nc5 25. Re3 bxa3 26. Raxa3 Rxa3 27.
Qxa3 Qc7 28. Qa5 Qxa5 29. Nxa5 Ra8 30. Nc6 Bf8 31. Ne1 Ra4 32. f3 g6 33. Rc3
Bh6 34. Nc2 Bd2 35. Ra3 Rc4 36. Ra2 Nd3 37. Kf1 Bg5 38. g3 Kg7 1/2-1/2

[Event "Kaupthing Open"]
[Site "Differdange LUX"]
[Date "2008.05.14"]
[Round "6"]
[White "Istratescu, A."]
[Black "Schlosser, P."]
[Result "1/2-1/2"]
[WhiteElo "2628"]
[BlackElo "2563"]
[PlyCount "44"]
[EventDate "2008.05.10"]
[SourceDate "1999.07.01"]

1. e4 e5 2. Nf3 Nc6 3. Bb5 a6 4. Ba4 Nf6 5. O-O Be7 6. Re1 b5 7. Bb3 d6 8. c3
O-O 9. h3 Na5 10. Bc2 c5 11. d4 Qc7 12. d5 Bd7 13. b3 Nb7 14. Nbd2 g6 15. Nf1
Nh5 16. Bh6 Ng7 17. g4 f6 18. Ng3 Nd8 19. Kh2 Nf7 20. Be3 Kh8 21. Nd2 Rae8 22.
Rg1 Qc8 1/2-1/2

[Event "Frank K Berry ch-USA"]
[Site "Tulsa USA"]
[Date "2008.05.15"]
[Round "3"]
[White "Becerra Rivero, J."]
[Black "Yermolinsky, A."]
[Result "1-0"]
[WhiteElo "2575"]
[BlackElo "2518"]
[PlyCount "83"]
[EventDate "2008.05.13"]
[SourceDate "1999.07.01"]

1. e4 e5 2. Nf3 Nc6 3. Bb5 a6 4. Ba4 Nf6 5. O-O Be7 6. Re1 b5 7. Bb3 d6 8. c3
O-O 9. h3 Na5 10. Bc2 c5 11. d4 Nd7 12. d5 Nb6 13. Nbd2 g6 14. b4 cxb4 15. cxb4
Nac4 16. Nxc4 Nxc4 17. Bb3 Bd7 18. Bh6 Re8 19. Rc1 a5 20. Bxc4 bxc4 21. Rxc4
Bb5 22. Rc1 axb4 23. Qb3 Qa5 24. Bd2 Qxa2 25. Qxb4 Qa4 26. Rc7 Qxb4 27. Bxb4
Ra4 28. Rxe7 Rxe7 29. Bxd6 Rea7 30. Bxe5 Bd3 31. Bd4 Rb7 32. d6 Rd7 33. e5 Bc4
34. Rb1 Be6 35. Be3 Ra8 36. Nd4 Rda7 37. Rb4 Ra4 38. Rb6 R4a6 39. Nxe6 fxe6 40.
Rb7 Ra5 41. d7 Rd5 42. Bg5 1-0

[Event "IX EICC"]
[Site "Plovdiv BUL"]
[Date "2008.04.29"]
[Round "8"]
[White "Timofeev, Arty"]
[Black "Azarov, S."]
[Result "1-0"]
[WhiteElo "2664"]
[BlackElo "2585"]
[PlyCount "105"]
[EventDate "2008.04.21"]
[SourceDate "1999.07.01"]

1. e4 e5 2. Nf3 Nc6 3. Bb5 a6 4. Ba4 Nf6 5. O-O Be7 6. Re1 b5 7. Bb3 d6 8. c3
O-O 9. h3 Nb8 10. d4 Nbd7 11. Nbd2 Bb7 12. Bc2 Re8 13. Nf1 Bf8 14. Ng3 g6 15.
a4 c5 16. d5 c4 17. Bg5 h6 18. Be3 Nc5 19. Qd2 h5 20. Bg5 Be7 21. Ra3 Nfd7 22.
Be3 Qc7 23. Ng5 Nb6 24. a5 Nba4 25. Ra2 Bf6 26. f4 Nb3 27. Qd1 exf4 28. Bxf4
Qe7 29. Nf3 h4 30. Ne2 Nac5 31. Ned4 Rac8 32. Ra3 b4 33. Ra2 Nxd4 34. cxd4 b3
35. dxc5 bxc2 36. Qxc2 Rxc5 37. Bd2 Qd8 38. Bb4 Rb5 39. Qxc4 Bg7 40. Bc3 Rc5
41. Qb4 Qc7 42. Bxg7 Rc4 43. Qb3 Kxg7 44. Ra4 Qc5+ 45. Kh2 Rxa4 46. Qxa4 Re7
47. Rd1 f6 48. Qd4 Qxa5 49. Ng5 Qa2 50. Rf1 Re5 51. Nf3 Re7 52. Nxh4 Rf7 53.
Rf3 1-0

[Event "IX EICC"]
[Site "Plovdiv BUL"]
[Date "2008.04.30"]
[Round "9"]
[White "Berg, E."]
[Black "Socko, B."]
[Result "1/2-1/2"]
[WhiteElo "2601"]
[BlackElo "2644"]
[PlyCount "107"]
[EventDate "2008.04.21"]
[SourceDate "1999.07.01"]

1. e4 e5 2. Nf3 Nc6 3. Bb5 a6 4. Ba4 Nf6 5. O-O Be7 6. Re1 b5 7. Bb3 d6 8. c3
O-O 9. h3 Nb8 10. d4 Nbd7 11. Nbd2 Bb7 12. Bc2 Re8 13. Nf1 Bf8 14. Ng3 g6 15.
b3 Bg7 16. d5 Qe7 17. Be3 Rec8 18. Qe2 Qf8 19. Rab1 Bh6 20. Ng5 c6 21. c4 Bg7
22. Rf1 Qe7 23. Nf3 Kh8 24. Rfc1 b4 25. Qd2 a5 26. Ne1 Nc5 27. f3 Nfd7 28. Nd3
Nxd3 29. Bxd3 c5 30. a4 Nf6 31. Kf2 Ng8 32. h4 h5 33. Rh1 Rf8 34. Rbg1 Bc8 35.
Ke2 Kh7 36. Kd1 Bh6 37. Nf1 f5 38. exf5 Bxf5 39. Bg5 Bxg5 40. hxg5 Bxd3 41.
Qxd3 Rf4 42. Nd2 Qxg5 43. Ne4 Rxe4 44. fxe4 Nf6 45. Qf3 Qg4 46. Qxg4 Nxg4 47.
Ke2 Rf8 48. Rf1 Rxf1 49. Rxf1 Kg7 50. Rf3 Nf6 51. Ke3 Ng4+ 52. Ke2 Nf6 53. Ke3
Ng4+ 54. Ke2 1/2-1/2

[Event "IX EICC"]
[Site "Plovdiv BUL"]
[Date "2008.04.30"]
[Round "9"]
[White "Lopez Martinez, Josep"]
[Black "Petrosian, TL."]
[Result "1-0"]
[WhiteElo "2576"]
[BlackElo "2616"]
[PlyCount "167"]
[EventDate "2008.04.21"]
[SourceDate "1999.07.01"]

1. e4 e5 2. Nf3 Nc6 3. Bb5 a6 4. Ba4 Nf6 5. O-O Be7 6. Re1 b5 7. Bb3 d6 8. c3
O-O 9. d4 Bg4 10. d5 Na5 11. Bc2 c6 12. h3 Bd7 13. Nxe5 dxe5 14. d6 Be6 15.
dxe7 Qxe7 16. Qf3 Rfd8 17. Nd2 Nd7 18. Nf1 Qf6 19. Qg3 Qg6 20. Qh4 h6 21. Ng3
Qf6 22. Qh5 Nf8 23. Nf5 Ng6 24. Qf3 Nh4 25. Qg3 Nxf5 26. exf5 Bxf5 27. Bxf5
Qxf5 28. Bxh6 Qh7 29. Bg5 Rd3 30. Qxe5 Qg6 31. Qe4 Qxe4 32. Rxe4 Nc4 33. b3 Nd6
34. Re3 Rxe3 35. Bxe3 Ne4 36. Rc1 Rd8 37. Kf1 Rd3 38. c4 Nc3 39. Ra1 f6 40.
cxb5 cxb5 41. Ke1 Rd6 42. Bd2 Re6+ 43. Kf1 Ne4 44. Be3 Rc6 45. Rc1 Rxc1+ 46.
Bxc1 Kf7 47. f3 Nd6 48. Ke2 Ke6 49. g4 a5 50. Kd3 Kd5 51. h4 a4 52. bxa4 bxa4
53. h5 Nf7 54. Bf4 Ke6 55. Kd4 a3 56. Kd3 Kd5 57. Bc1 Ne5+ 58. Ke3 Nc4+ 59. Kf4
Ke6 60. Ke4 f5+ 61. gxf5+ Kf6 62. Bf4 Nb2 63. Be5+ Kg5 64. Bxg7 Kxh5 65. Kd5
Nd3 66. Ke6 Nf4+ 67. Kf7 Kg5 68. f6 Kf5 69. Kg8 Ne6 70. f7 Kf4 71. f8=Q+ Nxf8
72. Bxf8 Kxf3 73. Kf7 Ke4 74. Ke6 Kd4 75. Bxa3 Kc4 76. Kd6 Kb5 77. Bc5 Ka6 78.
Kc6 Ka5 79. a3 Ka6 80. Bd4 Ka5 81. Bb6+ Ka6 82. Bc5 Ka5 83. Kb7 Kb5 84. Bb4 1-0

[Event "IX EICC"]
[Site "Plovdiv BUL"]
[Date "2008.04.30"]
[Round "9"]
[White "Kokarev, Dm"]
[Black "Mastrovasilis, A."]
[Result "1-0"]
[WhiteElo "2579"]
[BlackElo "2524"]
[PlyCount "95"]
[EventDate "2008.04.21"]
[SourceDate "1999.07.01"]

1. e4 e5 2. Nf3 Nc6 3. Bb5 a6 4. Ba4 Nf6 5. O-O Be7 6. Re1 b5 7. Bb3 d6 8. c3
O-O 9. h3 Na5 10. Bc2 c5 11. d4 Qc7 12. Nbd2 cxd4 13. cxd4 Bb7 14. d5 Rac8 15.
Bd3 Nd7 16. g4 Nc5 17. Bb1 Na4 18. Nf1 Nc4 19. Re2 a5 20. Rc2 Nc5 21. b3 Nb6
22. Ng3 Rfe8 23. Be3 b4 24. Rc1 Ba6 25. Qd2 Bf8 26. Bc2 Qb7 27. a3 Nbd7 28.
axb4 axb4 29. Ra2 g6 30. Rca1 Red8 31. Kh2 Qb5 32. Ra5 Qb6 33. Ne1 Qb7 34. R5a2
Rb8 35. Ne2 Bxe2 36. Qxe2 Ra8 37. Rxa8 Rxa8 38. Rxa8 Qxa8 39. Qc4 Qa3 40. Bd2
Be7 41. Qxb4 Qa6 42. Kg2 Qe2 43. Nf3 Kg7 44. Ng1 Qa6 45. Qa5 Qc8 46. Qc3 Qa6
47. b4 Nb7 48. Qc7 1-0

[Event "IX EICC"]
[Site "Plovdiv BUL"]
[Date "2008.04.22"]
[Round "2"]
[White "Almasi, Z."]
[Black "Stevic, H."]
[Result "0-1"]
[WhiteElo "2674"]
[BlackElo "2571"]
[PlyCount "82"]
[EventDate "2008.04.21"]
[SourceDate "1999.07.01"]

1. e4 e5 2. Nf3 Nc6 3. Bb5 a6 4. Ba4 Nf6 5. O-O Be7 6. Re1 b5 7. Bb3 d6 8. c3
O-O 9. h3 Na5 10. Bc2 d5 11. d4 dxe4 12. Nxe5 c5 13. Be3 Bb7 14. Nd2 Qc7 15.
Bf4 cxd4 16. Nxe4 Nd5 17. Bg3 f5 18. Ng6 Qc6 19. Nxf8 Rxf8 20. Qxd4 Nc4 21. a4
Nf6 22. axb5 axb5 23. Bh4 fxe4 24. Bxf6 Bxf6 25. Qxe4 Qxe4 26. Bxe4 Bxe4 27.
Rxe4 Nxb2 28. Rc1 Rc8 29. Rc2 Rxc3 30. Rxc3 Bxc3 31. Re8+ Kf7 32. Rb8 b4 33.
Kf1 Ke6 34. Ke2 Kd5 35. f4 Kc4 36. Rc8+ Kb3 37. g4 Kc2 38. f5 b3 39. g5 Nd3 40.
f6 gxf6 41. gxf6 Ne5 0-1

[Event "IX EICC"]
[Site "Plovdiv BUL"]
[Date "2008.04.23"]
[Round "3"]
[White "Caruana, F."]
[Black "Aveskulov, V."]
[Result "1/2-1/2"]
[WhiteElo "2620"]
[BlackElo "2535"]
[PlyCount "57"]
[EventDate "2008.04.21"]
[SourceDate "1999.07.01"]

1. e4 e5 2. Nf3 Nc6 3. Bb5 a6 4. Ba4 Nf6 5. O-O Be7 6. Re1 b5 7. Bb3 d6 8. c3
O-O 9. h3 Na5 10. Bc2 d5 11. d4 dxe4 12. Nxe5 c5 13. Nd2 cxd4 14. Nxe4 dxc3 15.
Qf3 Bb7 16. b4 Bxe4 17. Bxe4 Nxe4 18. Qxe4 f5 19. Qb1 c2 20. Qb2 Nc4 21. Nxc4
bxc4 22. Qxc2 Rc8 23. Bd2 Bf6 24. Rac1 Qd3 25. Qxd3 cxd3 26. Rxc8 Rxc8 27. Re3
Rc2 28. Rxd3 Rxa2 29. g3 1/2-1/2

[Event "IX EICC"]
[Site "Plovdiv BUL"]
[Date "2008.04.25"]
[Round "5"]
[White "Fedorov, Alex"]
[Black "Romanov, E."]
[Result "1/2-1/2"]
[WhiteElo "2603"]
[BlackElo "2547"]
[PlyCount "47"]
[EventDate "2008.04.21"]
[SourceDate "1999.07.01"]

1. e4 e5 2. Nf3 Nc6 3. Bb5 a6 4. Ba4 Nf6 5. O-O Be7 6. Re1 b5 7. Bb3 d6 8. c3
O-O 9. h3 Nb8 10. d4 Nbd7 11. Nbd2 Bb7 12. Bc2 Re8 13. Nf1 Bf8 14. Ng3 g6 15.
b3 Bg7 16. d5 Rc8 17. Be3 c6 18. c4 Nb6 19. Rb1 Qc7 20. dxc6 Bxc6 21. Bd3 bxc4
22. bxc4 Na4 23. Qc2 Nc5 24. Bxc5 1/2-1/2

[Event "IX EICC"]
[Site "Plovdiv BUL"]
[Date "2008.04.26"]
[Round "6"]
[White "Radulski, J."]
[Black "Tomashevsky, E."]
[Result "1/2-1/2"]
[WhiteElo "2514"]
[BlackElo "2658"]
[PlyCount "90"]
[EventDate "2008.04.21"]
[SourceDate "1999.07.01"]

1. e4 e5 2. Nf3 Nc6 3. Bb5 a6 4. Ba4 Nf6 5. O-O Be7 6. Re1 b5 7. Bb3 O-O 8. c3
d6 9. h3 Nb8 10. d4 Nbd7 11. Nbd2 Bb7 12. Re2 g6 13. Qe1 c5 14. Nf1 Re8 15. Ng3
Bf8 16. Ng5 c4 17. Bc2 d5 18. Nf3 exd4 19. Nxd4 Nxe4 20. Nxe4 dxe4 21. Bxe4
Bxe4 22. Rxe4 Nc5 23. Rxe8 Qxe8 24. Qxe8 Rxe8 25. Be3 Na4 26. Rb1 f5 27. Kf1
Bg7 28. Nc2 Kf7 29. Bd4 Bxd4 30. Nxd4 Kf6 31. Ne2 Re4 32. Ke1 Ke7 33. Kd2 Kd6
34. f3 Re7 35. Nd4 Kc5 36. a3 Kd5 37. h4 Nc5 38. h5 Na4 39. hxg6 hxg6 40. Kc2
Nc5 41. Rh1 Ne6 42. Ne2 Ke5 43. Rh8 Kf6 44. Rc8 Rc7 45. Ra8 Rc6 1/2-1/2

[Event "IX EICC"]
[Site "Plovdiv BUL"]
[Date "2008.04.27"]
[Round "7"]
[White "Caruana, F."]
[Black "Stevic, H."]
[Result "1-0"]
[WhiteElo "2620"]
[BlackElo "2571"]
[PlyCount "151"]
[EventDate "2008.04.21"]
[SourceDate "1999.07.01"]

1. e4 e5 2. Nf3 Nc6 3. Bb5 a6 4. Ba4 Nf6 5. O-O Be7 6. Re1 b5 7. Bb3 d6 8. c3
O-O 9. h3 Nb8 10. d4 Nbd7 11. Nbd2 Bb7 12. Bc2 Re8 13. Nf1 Bf8 14. Ng3 c6 15.
Be3 Qc7 16. Nd2 g6 17. f4 c5 18. Rc1 Bg7 19. fxe5 dxe5 20. d5 Rf8 21. c4 b4 22.
Rf1 Ne8 23. Ba4 Nb6 24. Bxe8 Raxe8 25. Nb3 Nd7 26. a3 bxa3 27. bxa3 Rb8 28. Qd2
Rfc8 29. Nh1 Ba8 30. Qc3 Rb6 31. Nf2 Rcb8 32. Qa5 Bf8 33. Nd3 Rc8 34. Rb1 Bd6
35. Rb2 Rcb8 36. Rfb1 R8b7 37. Qe1 Qb8 38. Qc3 Nf6 39. Nd2 Nd7 40. Nb3 Nf6 41.
Nd2 Nd7 42. Rxb6 Rxb6 43. Rxb6 Qxb6 44. Nb3 f5 45. a4 f4 46. Bf2 g5 47. a5 Qc7
48. Qe1 Bb7 49. Qe2 h6 50. h4 Kg7 51. hxg5 hxg5 52. Qg4 Be7 53. Qe6 Bd6 54. Qg4
Be7 55. Bh4 Qd8 56. d6 Bf6 57. Nbxc5 Nxc5 58. Nxc5 Qxd6 59. Nxb7 Qe7 60. Bxg5
Bxg5 61. c5 Kh6 62. Nd6 Kg6 63. Qf5+ Kg7 64. Qc8 Qa7 65. Nb7 Be7 66. Kh2 Kg6
67. Kh3 Bxc5 68. Qxc5 Qa8 69. Qd6+ Kh7 70. Qd7+ Kg6 71. Qf5+ Kh6 72. Qf6+ Kh7
73. Qf7+ Kh6 74. Nd6 f3 75. Nf5+ Kg5 76. Qg7+ 1-0

[Event "ch-NED"]
[Site "Hilversum NED"]
[Date "2008.04.07"]
[Round "6"]
[White "Stellwagen, D."]
[Black "Janssen, Ru"]
[Result "1-0"]
[WhiteElo "2621"]
[BlackElo "2504"]
[PlyCount "63"]
[EventDate "2008.04.02"]
[SourceDate "1999.07.01"]

1. e4 e5 2. Nf3 Nc6 3. Bb5 a6 4. Ba4 Nf6 5. O-O Be7 6. Re1 b5 7. Bb3 d6 8. c3
O-O 9. h3 Na5 10. Bc2 c5 11. d4 Qc7 12. Nbd2 Bd7 13. dxe5 dxe5 14. Nf1 Rad8 15.
Qe2 c4 16. Ne3 g6 17. b4 Nb7 18. a4 Bc6 19. Ng4 Nxg4 20. hxg4 Rd7 21. axb5 Bxb5
22. Be3 Nd8 23. Red1 Rxd1+ 24. Rxd1 Ne6 25. Rd5 f6 26. g5 Nxg5 27. Nxg5 fxg5
28. Qg4 Bc6 29. Qe6+ Rf7 30. Qxe5 Qb7 31. Bd4 Rf6 32. Rd6 1-0

[Event "Doeberl Cup"]
[Site "Canberra AUS"]
[Date "2008.03.24"]
[Round "9"]
[White "Ganguly, S."]
[Black "Zhang Zhong"]
[Result "1/2-1/2"]
[WhiteElo "2579"]
[BlackElo "2617"]
[PlyCount "72"]
[EventDate "2008.03.20"]
[SourceDate "1999.07.01"]

1. e4 e5 2. Nf3 Nc6 3. Bb5 a6 4. Ba4 Nf6 5. O-O Be7 6. Re1 b5 7. Bb3 d6 8. c3
O-O 9. d4 Bg4 10. Be3 exd4 11. cxd4 Na5 12. Bc2 Nc4 13. Bc1 c5 14. b3 Nb6 15.
Nbd2 Nfd7 16. h3 Bh5 17. Bb2 Re8 18. e5 cxd4 19. exd6 Bxd6 20. Bxd4 Bg6 21.
Bxg6 hxg6 22. Qc2 Rc8 23. Qb2 Rxe1+ 24. Rxe1 Nc5 25. Qb1 Bf8 26. Ne4 Ne6 27.
Bb2 Qc7 28. Rc1 Qb7 29. Neg5 Nf4 30. Rxc8 Qxc8 31. Qe4 Qf5 32. Qe8 Qd7 33. Qe4
Qf5 34. Qe8 Qd7 35. Qe4 Qf5 36. Qe8 Qd7 1/2-1/2

[Event "2nd Agzamov Memorial"]
[Site "Tashkent UZB"]
[Date "2008.03.25"]
[Round "6"]
[White "Kurnosov, I."]
[Black "Filippov, An UZB"]
[Result "1/2-1/2"]
[WhiteElo "2577"]
[BlackElo "2502"]
[PlyCount "85"]
[EventDate "2008.03.19"]
[SourceDate "1999.07.01"]

1. e4 e5 2. Nf3 Nc6 3. Bb5 a6 4. Ba4 Nf6 5. O-O Be7 6. Re1 b5 7. Bb3 d6 8. c3
O-O 9. h3 Na5 10. Bc2 c5 11. d4 Qc7 12. d5 Nc4 13. b3 Nb6 14. a4 bxa4 15. bxa4
Nc4 16. Nfd2 Na5 17. Na3 g6 18. Ndc4 Nxc4 19. Nxc4 a5 20. Bh6 Re8 21. Rb1 Ba6
22. Bd3 Reb8 23. Qe2 Bc8 24. Na3 Rxb1 25. Rxb1 Rb8 26. Rxb8 Qxb8 27. Bb5 Nh5
28. Nc4 Qc7 29. g4 Nf6 30. f3 Nd7 31. Qb2 Nb6 32. Nxa5 Nxa4 33. Bxa4 Qxa5 34.
Qb8 Qd8 35. f4 f6 36. f5 Ba6 37. Qa7 Bd3 38. Bd7 Bxe4 39. Be6+ Kh8 40. g5 Qe8
41. Bd7 Qd8 42. Be6 Qe8 43. Bd7 1/2-1/2

[Event "XXIV Open"]
[Site "Cappelle La Grande FRA"]
[Date "2008.02.21"]
[Round "7"]
[White "Kryvoruchko, Y."]
[Black "Timoshenko, G."]
[Result "1-0"]
[WhiteElo "2597"]
[BlackElo "2560"]
[PlyCount "77"]
[EventDate "2008.02.16"]
[SourceDate "1999.07.01"]

1. e4 e5 2. Nf3 Nc6 3. Bb5 a6 4. Ba4 Nf6 5. O-O Be7 6. Re1 b5 7. Bb3 O-O 8. c3
d6 9. h3 Nd7 10. d4 Bf6 11. d5 Na5 12. Bc2 Bb7 13. Na3 Nb6 14. b3 c6 15. c4
cxd5 16. cxd5 Bc8 17. Be3 Nb7 18. Bd3 Nc5 19. Nc2 Bb7 20. Rc1 Qd7 21. Bf1 Rfc8
22. Nb4 a5 23. Nd3 Nxe4 24. Bxb6 Nc3 25. Qd2 b4 26. Nb2 Bxd5 27. Nc4 Bxf3 28.
gxf3 Rc6 29. Be3 Qc7 30. f4 e4 31. Bd4 Bxd4 32. Qxd4 Nxa2 33. Qxe4 g6 34. Bg2
Rca6 35. Rc2 Nc3 36. Qd4 d5 37. Ne3 Re8 38. Kh2 g5 39. Nf5 1-0